Giải toán và trắc nghiệm vật lí 11 nâng cao
Sách trình bày trọng tâm giáo khoa, bài tập có lược giải, câu hỏi trắc nghiệm, luyện tập và củng cố
Gardado en:
| Autor Principal: | |
|---|---|
| Formato: | Libro |
| Idioma: | Undetermined |
| Publicado: |
Hà Nội
Giáo dục Việt Nam
2013
|
| Những chủ đề: | |
| Các nhãn: |
Engadir etiqueta
Sen Etiquetas, Sexa o primeiro en etiquetar este rexistro!
|
| Thư viện lưu trữ: | Trung tâm Học liệu Trường Đại học Cần Thơ |
|---|
| LEADER | 00859nam a2200217Ia 4500 | ||
|---|---|---|---|
| 001 | CTU_191661 | ||
| 008 | 210402s9999 xx 000 0 und d | ||
| 020 | |c 40000 | ||
| 082 | |a 530.0712 | ||
| 082 | |b H121/T.2 | ||
| 100 | |a Bùi, Quang Hân | ||
| 245 | 0 | |a Giải toán và trắc nghiệm vật lí 11 nâng cao | |
| 245 | 0 | |c Bùi Quang Hân, Nguyễn Duy Hiền, Nguyễn Tuyến | |
| 260 | |a Hà Nội | ||
| 260 | |b Giáo dục Việt Nam | ||
| 260 | |c 2013 | ||
| 520 | |a Sách trình bày trọng tâm giáo khoa, bài tập có lược giải, câu hỏi trắc nghiệm, luyện tập và củng cố | ||
| 650 | |a Physics,Vật lý | ||
| 650 | |x Study and teaching (Secondary),Dạy và học (trung học) | ||
| 904 | |i Bằng | ||
| 980 | |a Trung tâm Học liệu Trường Đại học Cần Thơ | ||